| 000 -LEADER |
| fixed length control field |
00878nam a22001937a 4500 |
| 005 - DATE AND TIME OF LATEST TRANSACTION |
| control field |
20231225154923.0 |
| 008 - FIXED-LENGTH DATA ELEMENTS--GENERAL INFORMATION |
| fixed length control field |
231225s1959 ru ||||| |||| 00| 0 rus d |
| 041 ## - LANGUAGE CODE |
| Language code of text/sound track or separate title |
rus |
| 080 ## - UNIVERSAL DECIMAL CLASSIFICATION NUMBER |
| Universal Decimal Classification number |
902.2(477.73) C-60 |
| 100 ## - MAIN ENTRY--PERSONAL NAME |
| Personal name |
Соломоник, Э. И. |
| 9 (RLIN) |
20873 |
| 245 ## - TITLE STATEMENT |
| Title |
Сарматские Знаки северного Причерноморья / |
| Statement of responsibility, etc. |
Э. И. Соломоник; АН УССР. Ин-т археологии. |
| 264 ## - PRODUCTION, PUBLICATION, DISTRIBUTION, MANUFACTURE, AND COPYRIGHT NOTICE |
| Place of production, publication, distribution, manufacture |
Киев : |
| Name of producer, publisher, distributor, manufacturer |
Изд-во Академии наук УССР, |
| Date of production, publication, distribution, manufacture, or copyright notice |
1959. |
| 300 ## - PHYSICAL DESCRIPTION |
| Extent |
179 с.: |
| Other physical details |
ил.; |
| Dimensions |
23 см. |
| 653 ## - INDEX TERM--UNCONTROLLED |
| keyword |
არქეოლოგიური ძეგლები |
| 653 ## - INDEX TERM--UNCONTROLLED |
| keyword |
ჩრდილოეთ შავი ზღვის რეგიონი |
| 653 ## - INDEX TERM--UNCONTROLLED |
| keyword |
სკვითური კულტურა |
| 653 ## - INDEX TERM--UNCONTROLLED |
| keyword |
სარმატული წარწერები |
| 942 ## - ADDED ENTRY ELEMENTS (KOHA) |
| Source of classification or shelving scheme |
|
| Koha item type |
წიგნი |